| 000 | 00925nam a2200301 a 4500 | ||
|---|---|---|---|
| 001 | 77366 | ||
| 003 | BD-RjUL | ||
| 005 | 20211209082949.0 | ||
| 008 | 200318s1950 enk 00110 eng d | ||
| 035 | _a(BD-RjUL)77591 | ||
| 035 | _a340245 | ||
| 040 |
_aANL _beng _dANL _cBD-RjUL |
||
| 041 | _aeng | ||
| 082 |
_223 _a821.5 _bPOP 1950 |
||
| 100 | 1 |
_aPope, Alexander, _d1688-1744. _9241041 |
|
| 245 | 1 | 0 |
_aPoems of Alexander Pope / _cselected and edited by Douglas Grant. |
| 260 |
_aHarmondsworth : _bPenguin Books, _c1950. |
||
| 300 |
_axix, 202 p. ; _c19 cm. |
||
| 490 | 1 |
_aPenguin poets ; _vD14 |
|
| 500 | _aCover title: Alexander Pope : a selection / by Douglas Grant. | ||
| 500 | _aIncludes index. | ||
| 600 |
_aPope, Alexander, _d1688-1744 _9241046 |
||
| 650 |
_aEnglish poetry _9241043 |
||
| 700 | 1 |
_aGrant, Douglas. _9241047 |
|
| 830 | 0 |
_aPenguin poets ; _vD14. _9241048 |
|
| 942 |
_2ddc _cBK |
||
| 999 |
_c77366 _d77366 |
||